Statistics for Members of Twice by Picture

Click here to take the quiz!

General Stats

  • This quiz has been taken 34 times
  • The average score is 8 of 9

Answer Stats

Answer % Correct
Dahyun
100%
Sana
96%
Nayeon
96%
Jihyo
93%
Mina
93%
Momo
93%
Jeongyeon
89%
Chaeyoung
89%
Tzuyu
89%

Score Distribution

Percentile by Number Answered

Percent of People with Each Score

Your Score History

You have not taken this quiz